| 000 | 00653nam a22002057a 4500 | ||
|---|---|---|---|
| 999 |
_c20719 _d20719 |
||
| 003 | AR-CdUCM | ||
| 008 | 190604b ||||| |||| 00| 0 spa d | ||
| 040 |
_aMUNICIPALIDAD PROVINCIAL DEL CUSCO _cBIBLIOTECA MUNICIPAL DEL CUSCO |
||
| 082 |
_a869.01 / _bN56 |
||
| 100 |
_aNieto, Alberto _943278 |
||
| 245 |
_aLatitud de suburbio : _bSeñal en el alba / |
||
| 260 |
_aBuenos Aires : _c1954. |
||
| 300 |
_a72 páginas ; _c18 cm. |
||
| 505 | _aContenido : Poemario: Muchacha celeste -- Paisaje suburbano -- Perfiles... | ||
| 650 |
_aLiteratura _983 |
||
| 650 |
_aPoemario _91041 |
||
| 650 |
_aLatinoamérica _94398 |
||
| 942 |
_2ddc _cLIBROS |
||
| 945 | _arcc | ||